000 00443nam a2200181Ia 4500
008 090123s9999 xx 000 0 und d
082 _b19590
100 _aSINGHAL J.P.
245 _aTHE ARBITRATION ACT OF 1940
250 _a0
260 _bLAW BOOK CO.
_c1974
300 _a864
600 _aSINGHAL J.P.
630 _aTHE ARBITRATION ACT OF 1940
700 _aSINGHAL J.P.
730 _aTHE ARBITRATION ACT OF 1940
942 _cBOOK
999 _c57657
_d57657